000 00318nam a2200133Ia 4500
008 150201s2007 xx 000 0 und d
082 _a610
_bO07W
100 _aWHO
245 _aON BEING IN CHARGE
250 _a2ND
260 _bAITBS
_aDELHI
_c2007
650 _aOTHER CLINICAL & NON CLINICAL BOOKS
942 _2ddc
_cBK
999 _c1182
_d1182